Manuale di psichiatria : per studenti, medici, psicologi, tecnici della riabilitazione, assistenti sociali, operatori psichiatrici /
Gespeichert in:
| Weitere Verfasser: | |
|---|---|
| Format: | Buch |
| Sprache: | Italienisch |
| Veröffentlicht: |
Padova :
Piccin,
[2007]
|
| Ausgabe: | 6. ed |
| Tags: |
Keine Tags, Fügen Sie das erste Tag hinzu!
|
MARC
| LEADER | 00000nam a22000007i 4500 | ||
|---|---|---|---|
| 001 | IT\ICCU\UTO\1161428 | ||
| 003 | ItRI | ||
| 005 | 20240806104142.0 | ||
| 008 | 120705s2007 it |||||| ||||| |||||c | ||
| 020 | |a 9788829918515 | ||
| 040 | |b ita |c CDM | ||
| 041 | 7 | |a ita |2 ISO-639-2 | |
| 245 | 0 | 0 | |a Manuale di psichiatria : |b per studenti, medici, psicologi, tecnici della riabilitazione, assistenti sociali, operatori psichiatrici / |c Franco Giberti, Romolo Rossi. |
| 250 | |a 6. ed | ||
| 260 | |a Padova : |b Piccin, |c [2007] | ||
| 300 | |a XVI, 599 p. : |b ill. ; |c 24 cm. | ||
| 700 | 1 | |a Rossi, Romolo, |d (1934- ) |0 IT\ICCU\CFIV\012414 | |
| 942 | |2 ddc |c BK | ||
| 952 | |0 0 |1 0 |2 ddc |4 0 |6 616_890022000000000_GIB_MAN |7 1 |9 1780 |a RA |b RA |d 2024-08-06 |l 0 |o 616.890022 GIB MAN |p 9377 |r 2024-08-06 10:42:02 |w 2024-08-06 |y BK | ||
| 981 | 1 | |6 z01 |a i |b xxxe | |
| 982 | 1 | |6 z01 |a n | |
| 999 | |c 1593 |d 1593 | ||